000 01063nam a2200301 4500
003 MX-MxINE
005 20260530115314.0
008 260421b2008 mx a|||| |||| 00| 0 spa d
020 _a9786070095917
040 _aICI
_bspa
_cICI
_erda
041 _aspa
_heng
050 _aHN120.M6
_bG37 2008
100 1 _aGarcía, Julio César
_eautor
_933359
245 _aEl bicho
_buna forma de vivir = a way of life
_cJulio César García.
246 _aA way of life
264 _aMéxico
_bEditorial Terracota
_c2008
300 _a163 páginas
_bilustraciones
336 _2rdacontent
_atexto
337 _2rdamedia
_asin medio
338 _2rdacarrier
_avolumen
520 _aObra testimonial que describe la vida urbana, experiencias personales y contextos de marginalidad social en México.
650 _aVida urbana
_zMéxico.
_933360
650 _aMarginalidad social
_zMéxico.
_933361
650 _aSubculturas
_zMéxico
_933362
650 _aCondiciones sociales
_zMéxico.
_933363
651 _aMéxico
_xVida social y costumbres.
_9769
942 _2ddc
_n0
_cBK
999 _c13517
_d13517